000
00246nam a22000857a 4500
008
160822b xxu||||| |||| 00| 0 eng d
100
_9
204
_a
Rohan Book Company
245
_a
Famous Stories of Sheikh Chilli
260
_a
New Delhi
_b
Rohan book company
_c
2004
999
_c
2862
_d
2862